| 000 | 00661nam a2200229 a 4500 | ||
|---|---|---|---|
| 005 | 20240806063808.0 | ||
| 008 | 991125s1983 mx 000 0 spa u | ||
| 020 | _a9682911745 | ||
| 035 | _aUPN01000006305 | ||
| 049 | _aI | ||
| 050 | 4 |
_aPZ77 V4 _bK8 |
|
| 100 | 1 | _aKarusa | |
| 245 | 1 | 3 |
_aLa calle es libre / _ctexto Karusa ; il. Monika Doppert. |
| 260 |
_aMéxico : _bSEP, _c1983.. |
||
| 300 |
_a[46], [3] p. : _bil. |
||
| 440 | 0 |
_aCascada. _pPara leer en voz alta |
|
| 650 | 4 |
_aCOMUNIDAD, ORGANIZACION DE LA _98907 |
|
| 650 | 0 |
_aCuentos venezolanos _99137 |
|
| 650 | 4 |
_aLiteratura juvenil _95153 |
|
| 905 | _aInfantil | ||
| 999 |
_c6305 _d6305 |
||